000 00483nam a2200181Ia 4500
003 OSt
005 20250408160913.0
008 211109s9999||||xx |||||||||||||| ||und||
040 _cSBCL
082 _bSAS-B
100 _aSasi, Kadavil
245 0 _aBhoomi
260 _bNATIONAL BOOKSTALL
_aKottayam
_c1978
300 _a58P.
630 _xGeneral Stack
650 _vLiterature & rhetoric
_2Literatures of other languages
_aAltaic, Uralic, Hyperborean & Dravidian
942 _cBOOK
999 _c71848
_d71848